Aztec Deities 2: Even More Impossibly Difficult Quiz Stats

 Plays Quiz not verified by Sporcle

Support Sporcle.
Go Orange.
Score 0/10 Timer 10:00
0 Plays Today
Description Deity % Correct
God who flays himself to give food to mankindXipe Totec
79.5%
Lord of the UnderworldMictlantecuhtli
51.3%
God of huntingMixcoatl
38.5%
Goddess of the hearth, fire, and treasuresChantico
30.8%
Goddess of filth and fertilityTlazolteotl
28.2%
Smallest and ugliest god who sacrificed himself to become the sun of the fifth worldNanautzin
28.2%
Messenger of HuitzilopochtliPaynal
23.1%
Patron of midwives who helped Quetzalcoatl create mankindCihuacoatl
20.5%
A leader of the Tzitzimime and ruler of TamoachanItzpapalotl
12.8%
God of healingIxtilton
2.6%

You're not logged in!

Compare scores with friends on all Sporcle quizzes.
OR
Log In

From the Vault

'40s Timeline Picture Click

by Hejman

There's no time like the present to play a quiz about the past.
Remove Ads.
Support Sporcle.
Get the best of Sporcle when you Go Orange. This ad-free experience offers more features, more stats, and more fun while also helping to support Sporcle. Thank you for becoming a member.

Show Comments

Extras

Created Mar 24, 2012ReportNominate
Tags:Mythology Quiz, Aztec

Top Quizzes Today


Score Distribution

Your Account Isn't Verified!

In order to create a playlist on Sporcle, you need to verify the email address you used during registration. Go to your Sporcle Settings to finish the process.

Report this User

Report this user for behavior that violates our Community Guidelines.

Details: